New Zealand by letter - B - Statistics

General Stats
  • This quiz has been taken 12 times
  • The average score is 8 of 15
Answer Stats
Hint Answer % Correct
Extreme sport invented in New Zealand Bungy jumping
92%
South Island town, famous for wine Blenheim
83%
Region where you'll find Tauranga, Rotorua and Whakatāne Bay of Plenty
75%
Southernmost point of the South Island Bluff
75%
Area in Northland popular with tourists, also where you'd find Russell and Waitangi Bay of Islands
67%
Term used for a 'holiday home' in New Zealand Bach
58%
Most populous species of Kiwi (bird) Brown Kiwi
58%
Where you might go for a sausage sizzle Bunnings
58%
Classic New Zealand children's toy Buzzy Bee
58%
Taika Waititi's iconic 2010 film Boy
50%
Iconic New Zealand burger chain BurgerFuel
50%
Flavour of pie influenced by Indian cuisine Butter-chicken pie
42%
Famous fountain in Wellington Bucket Fountain
33%
The world's clearest water is in this Nelson lake Blue Lake/Rotomairewhenua
17%
Classic Māori/Kiwi comfort dish Boil-up
17%
No matching quizzes found
Score Distribution
Percent of People with Each Score
Percentile by Number Answered
Your Score History
You have not taken this quiz